[Event "2024 British Rapidplay Championship"]
[Site "Holiday Inn Peterborough - West"]
[Date "2024.03.02"]
[Round "1.108"]
[White "Zajaczkowski, Marek"]
[Black "Hng, Mei-En Emmanuelle"]
[Result "0-1"]
[WhiteFideId "343410685"]
[BlackFideId "5804566"]
[WhiteElo "1672"]
[BlackElo "1974"]
[EventDate "2024.03.02"]

1. e4 Nf6 2. Nc3 d6 3. Bc4 e6 4. d3 c5 5. Bg5 Nc6 6. Nf3 Be7 7. O-O O-O 8. Qe2 h6
9. Be3 d5 10. exd5 exd5 11. Bb3 d4 12. Bxh6 dxc3 13. Bc1 Bg4 14. Re1 Bd6 15. bxc3
Re8 16. Be3 Ne5 17. Rad1 Qc7 18. h3 Nxf3+ 19. gxf3 Bxh3 20. f4 Bxf4 21. Qf3 Rxe3
22. Rxe3 Bh2+ 23. Kh1 Bg4 0-1

[Event "2024 British Rapidplay Championship"]
[Site "Holiday Inn Peterborough - West"]
[Date "2024.03.02"]
[Round "2.1"]
[White "Gormally, Daniel W"]
[Black "Dasgupta, Avyukt"]
[Result "1-0"]
[WhiteFideId "406465"]
[BlackFideId "480630"]
[WhiteElo "2463"]
[BlackElo "1905"]
[EventDate "2024.03.02"]

1. d4 d5 2. c4 c6 3. Nf3 Nf6 4. Nc3 e6 5. Bg5 Be7 6. e3 Nbd7 7. Bd3 dxc4 8. Bxc4
b5 9. Bd3 Bb7 10. O-O O-O 11. a4 b4 12. Bxf6 Nxf6 13. Ne4 Nxe4 14. Bxe4 Qb6 15. Ne5
Rad8 16. Qf3 Bf6 17. a5 Qc7 18. Nd3 Ba6 19. Rfc1 Bxd3 20. Bxd3 Rd5 21. a6 Rc8 22.
g3 Be7 23. Be4 Ra5 24. Rxa5 Qxa5 25. Rxc6 Rxc6 26. Bxc6 Qa1+ 27. Kg2 Qxa6 28. Be8
f6 29. Qa8 Qb6 30. Bd7+ Bf8 31. Qe8 Qd6 32. Bxe6+ 1-0

[Event "2024 British Rapidplay Championship"]
[Site "Holiday Inn Peterborough - West"]
[Date "2024.03.02"]
[Round "2.2"]
[White "Kothari, Jai"]
[Black "Han, Yichen"]
[Result "0-1"]
[WhiteFideId "477117"]
[BlackFideId "1054430"]
[WhiteElo "1908"]
[BlackElo "2334"]
[EventDate "2024.03.02"]

1. e4 e5 2. Nf3 Nc6 3. d4 exd4 4. Nxd4 Bc5 5. Nb3 Bb4+ 6. Bd2 a5 7. a3 Be7 8. Bc3
Bf6 9. Bc4 d6 10. O-O a4 11. Nd4 Nge7 12. f4 O-O 13. Qd3 Nxd4 14. Bxd4 Bxd4+ 15.
Qxd4 Be6 16. Nc3 Bxc4 17. Qxc4 Qd7 18. Rad1 Ra5 19. e5 Nf5 20. Rd3 Qc8 21. Qb4 Qa8
22. exd6 Nxd6 23. Rd5 Rxd5 24. Nxd5 Qa7+ 25. Kh1 b5 26. f5 f6 27. Ne7+ Kf7 28. Nd5
Re8 29. Qh4 Qc5 30. Nc3 Kg8 31. h3 Re5 32. Qh5 g6 33. Qd1 Nxf5 34. Kh2 Qe7 35. Qf3
Qd6 36. Kg1 Qd4+ 37. Kh2 Qd6 38. Kg1 Kg7 39. Rd1 Qe7 40. Kh2 Re1 41. Rxe1 Qxe1 42.
Ne4 Qe3 43. Qxe3 Nxe3 44. Nc5 Kf7 45. c3 Nd1 46. Nd3 Ke6 47. Kg3 Ne3 48. Kf3 Nf5
49. Ke4 Kd6 50. g4 Ng7 51. h4 Ne6 52. h5 Nc5+ 53. Kd4 Nxd3 54. Kxd3 Ke5 55. hxg6
hxg6 56. c4 c6 57. cxb5 cxb5 58. Kc3 f5 59. b3 fxg4 60. bxa4 bxa4 61. Kb4 g3 0-1

[Event "2024 British Rapidplay Championship"]
[Site "Holiday Inn Peterborough - West"]
[Date "2024.03.02"]
[Round "2.3"]
[White "Roberson, Peter T"]
[Black "Kanyamarala, Trisha"]
[Result "1-0"]
[WhiteFideId "412384"]
[BlackFideId "45004722"]
[WhiteElo "2401"]
[BlackElo "2073"]
[EventDate "2024.03.02"]

1. e4 c5 2. Be2 d6 3. f4 Nc6 4. Nf3 Nf6 5. d3 g6 6. O-O Bg7 7. Qe1 O-O 8. Qh4 Rb8
9. f5 Nd4 10. Nxd4 cxd4 11. Bh6 Re8 12. Nd2 Bh8 13. Nf3 Qb6 14. fxg6 fxg6 15. Ng5
Qc5 16. Rf2 Bd7 17. Raf1 Rbc8 18. Bd1 a5 19. Bg7 Bxg7 20. Rxf6 exf6 21. Qxh7+ Kf8
22. Rxf6+ Ke7 23. Qxg7+ Kd8 24. Rxd6 Qb5 25. Bg4 Kc7 26. Rxd7+ Kb8 27. Nf3 Qxb2 28.
Nxd4 Qc1+ 29. Kf2 Rf8+ 30. Bf3 Qd2+ 31. Ne2 Qb4 32. e5 Qh4+ 33. Kf1 Rxf3+ 34. gxf3
Qh3+ 35. Kf2 Qh4+ 36. Ke3 Qg5+ 37. f4 1-0

[Event "2024 British Rapidplay Championship"]
[Site "Holiday Inn Peterborough - West"]
[Date "2024.03.02"]
[Round "2.4"]
[White "Garnett, John S"]
[Black "Hebden, Mark L"]
[Result "0-1"]
[WhiteFideId "410829"]
[BlackFideId "400084"]
[WhiteElo "1950"]
[BlackElo "2436"]
[EventDate "2024.03.02"]

1. d4 Nf6 2. Bg5 d5 3. e3 g6 4. Bxf6 exf6 5. g3 Bd6 6. Bg2 c6 7. Ne2 Nd7 8. Nd2 f5
9. c4 dxc4 10. Nxc4 Bc7 11. Qc2 Nf6 12. O-O-O Qe7 13. Nc3 O-O 14. Rhe1 Be6 15. Bf1
Nd5 16. Nxd5 cxd5 17. Nd2 Rfc8 18. Kb1 Bxg3 19. Qxc8+ Rxc8 20. hxg3 b6 21. Rc1 Qb4
22. Nf3 f4 23. gxf4 Bf5+ 24. Ka1 Rxc1+ 25. Rxc1 Be4 26. Be2 Bxf3 27. Bxf3 Qd2 28.
Rc8+ Kg7 29. a3 Qxf2 30. Bxd5 Qxe3 31. Rc7 Qxf4 32. Rxa7 h5 33. Bb3 h4 34. d5 h3
35. d6 h2 0-1

[Event "2024 British Rapidplay Championship"]
[Site "Holiday Inn Peterborough - West"]
[Date "2024.03.02"]
[Round "2.5"]
[White "Wells, Peter K"]
[Black "Walton, Alan J"]
[Result "1-0"]
[WhiteFideId "400327"]
[BlackFideId "409898"]
[WhiteElo "2440"]
[BlackElo "2063"]
[EventDate "2024.03.02"]

1. d4 d5 2. c4 e6 3. Nc3 Nf6 4. Nf3 c6 5. e3 Bd6 6. Bd3 Nbd7 7. e4 dxe4 8. Nxe4 Nxe4
9. Bxe4 Nf6 10. Bc2 h6 11. O-O O-O 12. Qe2 b6 13. b3 Bb7 14. Bb2 Qe7 15. Rad1 Rfd8
16. Rd3 c5 17. d5 exd5 18. Re3 Qf8 19. Bxf6 gxf6 20. cxd5 Qg7 21. Nh4 Bxd5 22. Be4
Qg5 23. Bxd5 Qxd5 24. Rf3 Qe5 25. Rg3+ Kh8 26. Qc2 Rg8 27. Rh3 Rg5 28. f4 Qd4+ 29.
Kh1 Bxf4 30. Nf3 Qd5 31. Rxh6+ Kg8 32. Qh7+ Kf8 33. Nxg5 Bxg5 34. Re1 1-0

[Event "2024 British Rapidplay Championship"]
[Site "Holiday Inn Peterborough - West"]
[Date "2024.03.02"]
[Round "2.6"]
[White "Quilter, Thomas A"]
[Black "Ledger, Andrew J"]
[Result "0-1"]
[WhiteFideId "408530"]
[BlackFideId "400610"]
[WhiteElo "2051"]
[BlackElo "2376"]
[EventDate "2024.03.02"]

1. Nf3 Nf6 2. d3 c5 3. Nc3 Nc6 4. e4 d6 5. g3 g6 6. Bg2 Bg7 7. O-O O-O 8. h3 Rb8
9. a4 b6 10. Be3 Bb7 11. Qd2 d5 12. e5 d4 13. exf6 dxe3 14. Qxe3 Bxf6 15. Rfe1 Nd4
16. Rac1 Bxf3 17. Bxf3 Bg5 18. Qe4 f5 19. Qd5+ e6 20. Rxe6 Nxf3+ 21. Qxf3 Bxc1 22.
Qc6 Bxb2 23. Nd5 Bg7 24. h4 Rf7 25. c4 Qd7 26. Qxd7 Rxd7 27. h5 Kf7 28. Rc6 Re8 29.
a5 Re6 30. Rc8 Red6 31. hxg6+ hxg6 32. Ra8 bxa5 33. Kg2 a4 0-1

[Event "2024 British Rapidplay Championship"]
[Site "Holiday Inn Peterborough - West"]
[Date "2024.03.02"]
[Round "2.7"]
[White "Gasanov, Eldar"]
[Black "Lishoy Gengis Paratazham, Dildarav"]
[Result "1-0"]
[WhiteFideId "14104466"]
[BlackFideId "491462"]
[WhiteElo "2391"]
[BlackElo "1913"]
[EventDate "2024.03.02"]

1. d4 Nf6 2. c4 d6 3. Nc3 e5 4. Nf3 Nbd7 5. Bg5 Be7 6. e3 O-O 7. Qc2 h6 8. Bh4 c6
9. Rd1 Qc7 10. Be2 Re8 11. O-O b6 12. h3 Bb7 13. Bg3 Bf8 14. a3 a5 15. Rfe1 Rad8
16. b4 Ba6 17. bxa5 bxa5 18. c5 Bxe2 19. Nxe2 Nd5 20. Rc1 Rc8 21. Red1 Red8 22. e4
N5f6 23. cxd6 Bxd6 24. dxe5 Nxe5 25. Rxd6 Qxd6 26. Bxe5 Qe7 27. Ned4 Ne8 28. Nf5
Qxa3 29. Ra1 Qb4 30. Rb1 Qa3 31. Rb7 Ra8 32. Qc4 Qf8 33. N3d4 a4 34. Nxc6 Rd1+ 35.
Kh2 a3 36. Ne3 Rd2 37. Ne7+ Kh7 38. N7f5 Kg8 39. Bc3 a2 40. Ba1 Rxf2 41. Ng4 Nd6
42. Nxd6 Qxd6+ 43. e5 Qd2 44. Nxf2 Qxf2 45. e6 Qf4+ 46. Qxf4 f6 47. Qg4 g5 48. Qf5
Rc8 49. Qg6+ Kf8 50. Qf7# 1-0

[Event "2024 British Rapidplay Championship"]
[Site "Holiday Inn Peterborough - West"]
[Date "2024.03.02"]
[Round "2.8"]
[White "Fraser-Mitchell, Jeremy N"]
[Black "Davtyan, Artur"]
[Result "0-1"]
[WhiteFideId "405000"]
[BlackFideId "13308327"]
[WhiteElo "1984"]
[BlackElo "2416"]
[EventDate "2024.03.02"]

1. d4 d5 2. c4 e6 3. Nc3 c6 4. Nf3 Nf6 5. Bg5 h6 6. Bh4 dxc4 7. e3 b5 8. a4 Bb4 9.
Nd2 Bb7 10. Be2 Nbd7 11. O-O a6 12. Na2 Bxd2 13. Bxf6 Nxf6 14. Qxd2 O-O 15. Bf3 Qe7
16. Rfc1 Rfc8 17. Nc3 Rd8 18. Qc2 Nd5 19. Ne4 Nb4 20. Qe2 Nd3 21. Rcb1 c5 22. axb5
axb5 23. Rxa8 Bxa8 24. dxc5 Bxe4 25. Bxe4 Nxc5 26. Bc2 Rd5 27. g3 Qd8 28. Qf3 Rd2
29. Be4 Nxe4 30. Qxe4 Rd1+ 31. Rxd1 Qxd1+ 32. Kg2 Qd5 33. Kf3 b4 34. Qxd5 exd5 35.
Ke2 f6 0-1

[Event "2024 British Rapidplay Championship"]
[Site "Holiday Inn Peterborough - West"]
[Date "2024.03.02"]
[Round "2.9"]
[White "Sivanandan, Bodhana"]
[Black "Buckley, Graeme N"]
[Result "1-0"]
[WhiteFideId "497592"]
[BlackFideId "402265"]
[WhiteElo "1904"]
[BlackElo "2267"]
[EventDate "2024.03.02"]

1. e4 c5 2. Nc3 Nc6 3. f4 g6 4. Nf3 Bg7 5. a4 e6 6. e5 d6 7. Bb5 Bd7 8. Ne4 dxe5
9. Nd6+ Ke7 10. Bxc6 Bxc6 11. fxe5 f5 12. d4 Kf8 13. Ng5 Qe7 14. Ndf7 Bh6 15. Nxh6
Nxh6 16. Nxe6+ Qxe6 17. Bxh6+ Kf7 18. O-O Rhd8 19. c3 cxd4 20. cxd4 Qd5 21. Qe2 Qxd4+
22. Kh1 Qe4 23. Qxe4 Bxe4 24. Kg1 Ke6 25. Bf4 Rd3 26. Rfd1 Rad8 27. Rxd3 Rxd3 28.
g3 Rb3 29. Rd1 Bd5 30. Rd2 Rb4 31. Rc2 Rxa4 32. Rc7 g5 33. Bxg5 Kxe5 34. Rxh7 Rb4
35. Bd2 Rb3 36. Bc3+ Ke4 37. Kf2 a5 38. Re7+ Kd3 39. Re5 Kc4 40. Rxf5 a4 41. Rf4+
Kb5 42. Bf6 Rd3 43. h4 Rd2+ 44. Ke3 Rh2 45. g4 Rh3+ 46. Kd4 Kc6 47. Ke5 b5 48. Kf5
Kd6 49. h5 Bf7 50. Kg5 Kd5 51. Bc3 Be6 52. Bb4 Ke5 53. Bc3+ Kd5 54. Bf6 Kc6 55. h6
Ba2 56. Kg6 Bb1 57. Kg7 Kd5 58. g5 Ke6 59. Rg4 Bf5 60. Rg1 b4 61. g6 a3 62. bxa3
bxa3 63. h7 a2 64. Ba1 Kd5 1-0

[Event "2024 British Rapidplay Championship"]
[Site "Holiday Inn Peterborough - West"]
[Date "2024.03.02"]
[Round "2.10"]
[White "Jones, Steven A"]
[Black "Grigoryan, Meri"]
[Result "1-0"]
[WhiteFideId "419630"]
[BlackFideId "13300571"]
[WhiteElo "2194"]
[BlackElo "1957"]
[EventDate "2024.03.02"]

1. e4 e5 2. Nf3 Nc6 3. Bb5 f5 4. Nc3 fxe4 5. Nxe4 d5 6. Nxe5 Qe7 7. d4 Bd7 8. Bxc6
Bxc6 9. Nc3 O-O-O 10. O-O Qf6 11. Qg4+ Bd7 12. Nxd7 Rxd7 13. Re1 Be7 14. Nxd5 Qf8
15. Nxe7+ 1-0

[Event "2024 British Rapidplay Championship"]
[Site "Holiday Inn Peterborough - West"]
[Date "2024.03.02"]
[Round "2.11"]
[White "Waldhausen Gordon, Frederick"]
[Black "Royal, Shreyas"]
[Result "0-1"]
[WhiteFideId "2409143"]
[BlackFideId "448869"]
[WhiteElo "2045"]
[BlackElo "2331"]
[EventDate "2024.03.02"]

1. d4 d5 2. c4 dxc4 3. e3 Nf6 4. Bxc4 e6 5. Nf3 c5 6. O-O Nc6 7. Nc3 a6 8. dxc5 Qxd1
9. Rxd1 Bxc5 10. a4 O-O 11. h3 b6 12. e4 Na5 13. Ba2 Bb7 14. e5 Ne4 15. Nxe4 Bxe4
16. Nd4 Rfd8 17. Be3 Bd5 18. Bxd5 Rxd5 19. Rab1 Nc4 20. b4 Bxd4 21. Rxd4 Nxe3 22.
fxe3 Rxe5 23. e4 Rc8 24. Kf2 h5 25. h4 Rc3 26. Re1 Ra3 27. Rd6 Rxa4 28. Rxb6 Rb5
29. Rxb5 axb5 30. Rb1 Ra3 31. g3 Rc3 32. Ra1 Rb3 33. Ra7 Rxb4 34. Kf3 e5 35. Re7
f6 36. Rb7 Rb3+ 37. Kf2 Rb2+ 38. Ke3 Rb3+ 39. Kf2 b4 40. Rb8+ Kh7 41. Rb6 Rb1 42.
Rb8 b3 43. Kg2 b2 44. Kh2 f5 45. exf5 e4 46. Rb7 e3 47. f6 e2 48. Rxg7+ Kh8 49. g4
e1=Q 50. gxh5 Qf2+ 51. Kh3 Qf3+ 52. Kh2 Rh1# 0-1

[Event "2024 British Rapidplay Championship"]
[Site "Holiday Inn Peterborough - West"]
[Date "2024.03.02"]
[Round "2.12"]
[White "Boswell, Jacob Connor"]
[Black "Yu, Rock"]
[Result "1-0"]
[WhiteFideId "427110"]
[BlackFideId "489000"]
[WhiteElo "2031"]
[BlackElo "1907"]
[EventDate "2024.03.02"]

1. d4 d6 2. e4 g6 3. Be3 Bg7 4. Nf3 Nc6 5. h3 e5 6. d5 Nce7 7. c4 f5 8. Ng5 h6 9.
Ne6 Bxe6 10. dxe6 Qc8 11. Qa4+ c6 12. Qb4 Nf6 13. Nc3 f4 14. Bd2 Qxe6 15. Qxb7 O-O
16. Qa6 Rfb8 17. b3 Rb6 18. Qa5 c5 19. Nd5 Nexd5 20. cxd5 Qe7 21. f3 Nh5 22. Kd1
Ng3 23. Rg1 Nxf1 24. Rxf1 h5 25. Qa4 h4 26. Ba5 Rb7 27. Ke2 Qd7 28. Qxd7 Rxd7 29.
b4 cxb4 30. Rfc1 Rb7 31. Rc6 Bf8 32. Rb1 Rab8 33. Rb3 Rb5 34. Ra6 R8b7 35. Kd3 Be7
36. Kc4 Rc5+ 37. Kd3 Rcb5 38. Kc2 Kf7 39. Rb2 Rc5+ 40. Kd2 Rcb5 41. Kc2 Rc5+ 42.
Kb1 Rcb5 43. Re2 b3 44. a3 b2 45. Bb4 R5b6 46. Ra5 Rb5 47. Ra6 R5b6 48. Ra4 Rb5 49.
Rc2 Ke8 50. Rc6 a5 51. Rxa5 Rxa5 52. Bxa5 Rb3 53. Bb4 Kd7 54. Rc2 Bd8 55. Rxb2 Rxb2+
56. Kxb2 Be7 57. Kb3 Kc7 58. Ba5+ Kb7 59. Ka4 Ka6 60. Bc7 Kb7 61. Ba5 Ka6 62. Bc3
Bd8 63. Be1 g5 64. Bf2 Ba5 65. Ba7 Bc7 66. Bg1 Ba5 67. Bf2 Bd2 68. Kb3 Ba5 69. Kc4
Bd2 70. Bg1 Ba5 71. Kb3 Bd2 72. Bf2 Ba5 73. Kb2 Bd2 74. Kc2 Ba5 75. Kd3 Kb5 76. Ba7
Bc7 77. Kc3 Ba5+ 78. Kb3 Bc7 79. a4+ Ka6 80. Bf2 Ba5 81. Kc4 Bd2 82. Bg1 Ba5 83.
Bf2 Bd2 84. Kb3 Ba5 85. Kb2 Bd2 86. Kc2 Ba5 87. Kd3 Bb4 88. Kc4 Ba5 89. Bg1 Bd2 90.
Kb3 Ba5 91. Bf2 Bd2 92. Ka3 Ba5 93. Ka2 Bd2 94. Kb2 Ba5 95. Kc1 Bc3 96. Kc2 Bb4 97.
Kd3 Ba5 98. Kc4 Bd2 99. Bc5 dxc5 100. Kxc5 Kb7 101. d6 Kc8 102. Kd5 Bc3 1-0

[Event "2024 British Rapidplay Championship"]
[Site "Holiday Inn Peterborough - West"]
[Date "2024.03.02"]
[Round "2.13"]
[White "Baer, Bruce L"]
[Black "Willow, Jonah B"]
[Result "0-1"]
[WhiteFideId "488801"]
[BlackFideId "438804"]
[WhiteElo "1918"]
[BlackElo "2295"]
[EventDate "2024.03.02"]

1. d3 c5 2. Nf3 g6 3. g3 Bg7 4. Bg2 Nc6 5. O-O d6 6. e4 Nf6 7. c3 O-O 8. Re1 e5 9.
a3 h6 10. b4 b6 11. Nbd2 Re8 12. b5 Na5 13. Nc4 Nb7 14. a4 Be6 15. Nfd2 Qc7 16. Nb3
Rad8 17. a5 d5 18. axb6 axb6 19. exd5 Bxd5 20. Bxd5 Nxd5 21. Qf3 Nxc3 22. Qc6 Qb8
23. Qxb6 Re6 24. Qa7 Nxb5 25. Qxb8 Rxb8 26. Bb2 Nd4 27. Bxd4 cxd4 28. Ra7 Ree8 29.
f4 e4 30. dxe4 d3 31. e5 Bf8 32. Kf1 Rec8 33. Nb6 Rd8 34. Rd1 Nc5 0-1

[Event "2024 British Rapidplay Championship"]
[Site "Holiday Inn Peterborough - West"]
[Date "2024.03.02"]
[Round "2.14"]
[White "Derakhshani, Borna"]
[Black "Green, Michael"]
[Result "1-0"]
[WhiteFideId "12518450"]
[BlackFideId "437514"]
[WhiteElo "2286"]
[BlackElo "1894"]
[EventDate "2024.03.02"]

1. Nf3 g6 2. e4 Bg7 3. d4 c6 4. c3 d5 5. e5 Bg4 6. Bd3 e6 7. h3 Bxf3 8. Qxf3 c5 9.
O-O Nc6 10. dxc5 Nxe5 11. Bb5+ Nc6 12. Rd1 Nge7 13. Bg5 h6 14. Bf6 Bxf6 15. Qxf6
O-O 16. Qf4 Kg7 17. Nd2 Qa5 18. a4 Rac8 19. b4 Qc7 20. Qf3 Qe5 21. Rab1 Qf6 22. Qxf6+
Kxf6 23. c4 d4 24. Ne4+ Kg7 25. Bxc6 Nxc6 26. b5 Na5 27. Rxd4 Rc7 28. b6 axb6 29.
cxb6 Rxc4 30. Rxc4 Nxc4 31. Nc5 Na5 32. Rb5 Ra8 33. Kf1 Kf8 34. Ke2 Ke7 35. Kd3 Kd6
36. Rxa5 Rc8 37. Nxb7+ Kc6 38. Rc5+ Kxb7 39. Rxc8 Kxc8 40. a5 Kb7 41. Kd4 f6 42.
Kc5 e5 43. Kd5 h5 44. Ke4 1-0

[Event "2024 British Rapidplay Championship"]
[Site "Holiday Inn Peterborough - West"]
[Date "2024.03.02"]
[Round "2.15"]
[White "Verbytski, Oleg"]
[Black "Bowcott-Terry, Finlay"]
[Result "1/2-1/2"]
[WhiteFideId "495506"]
[BlackFideId "449199"]
[WhiteElo "1894"]
[BlackElo "2055"]
[EventDate "2024.03.02"]

1. e4 c6 2. d4 d5 3. exd5 cxd5 4. c4 Nf6 5. Nc3 Nc6 6. Nf3 g6 7. cxd5 Nxd5 8. Bc4
Nxc3 9. bxc3 Bg7 10. Bf4 O-O 11. O-O Bg4 12. h3 Bxf3 13. Qxf3 e5 14. dxe5 Nxe5 15.
Bxe5 Bxe5 16. Qxb7 Rc8 17. Rad1 Qc7 18. Qxc7 Rxc7 19. Bb3 Bxc3 20. Rd3 Re8 21. g3
Ba5 22. Rfd1 Ree7 23. Kg2 Kg7 24. h4 Bb6 25. R1d2 Ba5 26. Rd1 Bb6 27. R1d2 f5 28.
h5 Ba5 29. Rd1 Bb6 30. R1d2 Kh6 31. hxg6 hxg6 32. Rd8 Rc1 33. Rh8+ Rh7 34. Rd1 Rxh8
35. Rxc1 Rd8 36. Rc2 Rd6 37. Re2 Kg5 38. Kh3 Kf6 39. f4 g5 40. fxg5+ Kxg5 41. Re8
Rd2 42. Re5 Bc7 43. Re3 f4 44. Rc3 Bb6 45. gxf4+ Kxf4 46. Rc2 Rd8 47. Kg2 Rd6 48.
Rc4+ Ke3 49. Rc3+ Kd2 50. Rg3 Rf6 51. Kh3 Bc7 52. Rg2+ Ke3 53. Rg7 Rf3 54. Kh4 Bd8+
55. Kh5 Rf5+ 56. Kg6 Rf6+ 57. Kh5 Bb6 58. Re7+ Kd4 59. Kg5 Rf2 60. Rf7 Rh2 61. Kf5
Rh5+ 62. Ke6 Rh2 63. Rf4+ Kc5 64. Rc4+ Kb5 65. Rc2 Rh6+ 66. Kd5 Rh5 67. Ke4 Bc5 68.
Bc4+ Kb4 69. Bb3 Rh4 70. Kd5 Rh5+ 71. Ke4 Bb6 72. Rc4+ Kb5 73. Rc2 a5 74. Bc4+ Kb4
75. Bf7 Rh4 76. Kd5 Bg1 77. Be6 1/2-1/2

[Event "2024 British Rapidplay Championship"]
[Site "Holiday Inn Peterborough - West"]
[Date "2024.03.02"]
[Round "2.16"]
[White "Badacsonyi, Stanley"]
[Black "Pang, Ethan"]
[Result "1-0"]
[WhiteFideId "486973"]
[BlackFideId "496995"]
[WhiteElo "2105"]
[BlackElo "1887"]
[EventDate "2024.03.02"]

1. d4 d5 2. Nc3 Nf6 3. Bf4 Bf5 4. e3 a6 5. Nf3 Nc6 6. Ne5 e6 7. g4 Bg6 8. h4 h5 9.
Nxg6 fxg6 10. g5 Ng8 11. Bh3 Bd6 12. Ne2 Nge7 13. Bxe6 Rf8 14. c3 Bxf4 15. Nxf4 Qd6
16. Bh3 Nf5 17. Bg2 O-O-O 18. Qd2 Na5 19. Bxd5 Rde8 20. O-O-O c6 21. Bb3 Nxb3+ 22.
axb3 Re4 23. Rde1 Rfe8 24. Ng2 R4e7 25. f3 Qe6 26. e4 Nd6 27. Kc2 Qf7 28. Rhf1 Rf8
29. c4 Qe8 30. Kb1 Ref7 31. Qc3 Qe6 32. e5 Ne8 33. d5 Qh3 34. Qd2 Rxf3 35. Rxf3 Rxf3
36. d6 Rxb3 37. Nf4 Qf5+ 38. Ka2 Rf3 39. e6 Nxd6 40. e7 Kc7 1-0

[Event "2024 British Rapidplay Championship"]
[Site "Holiday Inn Peterborough - West"]
[Date "2024.03.02"]
[Round "2.17"]
[White "Dicen, Elis Denele"]
[Black "Kanyamarala, Tarun"]
[Result "0-1"]
[WhiteFideId "462560"]
[BlackFideId "45004714"]
[WhiteElo "1892"]
[BlackElo "2266"]
[EventDate "2024.03.02"]

1. d4 Nf6 2. c4 e6 3. Nc3 Bb4 4. e3 d5 5. Bd2 O-O 6. Nf3 a6 7. Rc1 Re8 8. Be2 dxc4
9. Bxc4 b5 10. Bd3 Bb7 11. a3 Bf8 12. Qe2 Nbd7 13. b4 e5 14. dxe5 Bxf3 15. gxf3 Nxe5
16. Be4 Nxe4 17. Nxe4 Nd3+ 18. Kf1 Nxc1 19. Bxc1 f5 20. Ng3 Qd5 21. Kg2 Rad8 22.
Qc2 f4 23. exf4 c5 24. bxc5 Qxc5 25. Qb2 Rd3 26. Ne4 Qd5 27. Re1 Re6 28. Qe2 Rd4
29. Kh1 Qh5 30. Kg2 Rh6 31. Rh1 Qh3+ 32. Kg1 Rg6+ 33. Ng3 Rgd6 34. Bb2 Rd1+ 35. Nf1
Rg6# 0-1

[Event "2024 British Rapidplay Championship"]
[Site "Holiday Inn Peterborough - West"]
[Date "2024.03.02"]
[Round "2.18"]
[White "Eckersley-Waites, Tom"]
[Black "Herring, Sam AC"]
[Result "0-1"]
[WhiteFideId "412449"]
[BlackFideId "429767"]
[WhiteElo "2264"]
[BlackElo "1895"]
[EventDate "2024.03.02"]

1. e4 c6 2. d4 d5 3. e5 c5 4. dxc5 e6 5. a3 Bxc5 6. Nf3 f6 7. b4 Bb6 8. Bb2 Nh6 9.
Bd3 Nd7 10. O-O Nf7 11. exf6 Nxf6 12. c4 O-O 13. Qc2 Kh8 14. Nc3 dxc4 15. Bxc4 Qc7
16. Qe2 Bd7 17. Rac1 Qf4 18. g3 Qh6 19. Qd2 Qh3 20. Ne2 Bc6 21. Nf4 Qh6 22. Nh4 Rad8
23. Qc3 Ne4 24. Qc2 Rd2 25. Qb3 Nxf2 26. Rxf2 Rxf2 0-1

[Event "2024 British Rapidplay Championship"]
[Site "Holiday Inn Peterborough - West"]
[Date "2024.03.02"]
[Round "2.19"]
[White "Tart, Peter K"]
[Black "Okhai, Shabir"]
[Result "1-0"]
[WhiteFideId "471070"]
[BlackFideId "445134"]
[WhiteElo "1987"]
[BlackElo "2077"]
[EventDate "2024.03.02"]

1. e4 e5 2. Nf3 Nc6 3. d4 exd4 4. Bc4 Nf6 5. e5 d5 6. Bb5 Ne4 7. Nxd4 Bd7 8. Bxc6
bxc6 9. O-O Bc5 10. Be3 Bb6 11. f3 Nc5 12. Qe1 O-O 13. Nd2 Na4 14. b4 Qe7 15. f4
Qxb4 16. Rb1 Qe7 17. Qg3 Nc3 18. Rbe1 c5 19. f5 f6 20. N4f3 fxe5 21. Bg5 Qd6 22.
f6 g6 23. Nxe5 Ne4 24. Nxe4 dxe4 25. f7+ Kg7 26. Bf6+ 1-0

[Event "2024 British Rapidplay Championship"]
[Site "Holiday Inn Peterborough - West"]
[Date "2024.03.02"]
[Round "2.20"]
[White "Young, Daniel J"]
[Black "Harris, Michael"]
[Result "1/2-1/2"]
[WhiteFideId "425184"]
[BlackFideId "402028"]
[WhiteElo "1921"]
[BlackElo "2233"]
[EventDate "2024.03.02"]

1. Nf3 Nf6 2. c4 g6 3. g3 Bg7 4. Bg2 O-O 5. O-O d5 6. d4 dxc4 7. Na3 Bf5 8. Nxc4
Be4 9. Re1 Nbd7 10. Ncd2 Bc6 11. e4 b6 12. Qc2 Bb7 13. b4 a5 14. b5 Rc8 15. Ba3 c6
16. bxc6 Bxc6 17. Qb3 Re8 18. Rad1 e6 19. Ne5 Ba8 20. Ndc4 Bf8 21. Bxf8 Rxf8 22.
Nd6 Rc7 23. Nexf7 Rxf7 24. Qxe6 Qe7 25. Qxf7+ Qxf7 26. Nxf7 Kxf7 27. e5 Bxg2 28.
Kxg2 Nd5 29. e6+ Ke7 30. exd7+ Kxd7 31. Rc1 Rb7 32. Re5 Nb4 33. Rb1 Nc6 34. Reb5
Kc7 35. d5 Nd4 36. R5b2 b5 37. Rd1 Nf5 38. g4 Nd6 39. Re1 Kb6 40. Re6 Kc5 41. Rd2
b4 42. Kf3 a4 43. Kf4 b3 44. axb3 axb3 45. Ree2 Rb4+ 46. Kg5 Nc4 47. d6 Nxd2 48.
Rxd2 b2 49. d7 b1=Q 50. d8=Q Qe4 51. Qd6+ Kc4 52. Qc7+ Kb3 53. Qg3+ Kc4 54. Qc7+
Kb3 55. Qg3+ Kc4 1/2-1/2

[Event "2024 British Rapidplay Championship"]
[Site "Holiday Inn Peterborough - West"]
[Date "2024.03.02"]
[Round "2.21"]
[White "Mirzoeva, Elmira"]
[Black "Ortiz Sanchez, Luis"]
[Result "1-0"]
[WhiteFideId "4127951"]
[BlackFideId "24581160"]
[WhiteElo "2206"]
[BlackElo "1909"]
[EventDate "2024.03.02"]

1. d4 d6 2. Nf3 Nf6 3. c4 g6 4. Nc3 Nbd7 5. e4 e5 6. Be2 Bg7 7. O-O O-O 8. Be3 a5
9. Qc2 Qe7 10. Rfe1 c6 11. Bf1 h6 12. Rad1 Ng4 13. d5 Nxe3 14. Rxe3 Nc5 15. b3 f5
16. exf5 Bxf5 17. Qd2 Rad8 18. Nd4 Qc7 19. Nxf5 gxf5 20. Rh3 Rf6 21. Qc2 Rdf8 22.
a3 Qf7 23. b4 axb4 24. axb4 Ne4 25. dxc6 bxc6 26. Nxe4 fxe4 27. Qxe4 Rxf2 28. Bd3
Qa7 29. c5 R8f5 30. Qxc6 Qa3 31. Bc4+ Kh7 32. Rxa3 1-0

[Event "2024 British Rapidplay Championship"]
[Site "Holiday Inn Peterborough - West"]
[Date "2024.03.02"]
[Round "2.22"]
[White "Pickard, Charles"]
[Black "Harvey, Alan"]
[Result "1/2-1/2"]
[WhiteFideId "470880"]
[BlackFideId "445886"]
[WhiteElo "2190"]
[BlackElo "1996"]
[EventDate "2024.03.02"]

1. d4 d6 2. Nf3 Bg4 3. c4 c6 4. Nc3 Nf6 5. d5 c5 6. Nd2 g6 7. f3 Bc8 8. e4 Bg7 9.
Be2 Na6 10. O-O Nc7 11. f4 O-O 12. Nf3 a6 13. a4 b6 14. e5 Nd7 15. exd6 exd6 16.
Bd3 f5 17. Qc2 Nf6 18. Bd2 Bd7 19. Rfe1 Rb8 20. Re2 b5 21. axb5 axb5 22. cxb5 Nxb5
23. Ng5 Nd4 24. Qc1 Nxe2+ 25. Bxe2 Qe7 26. Bc4 h6 27. Ne6 Bxe6 28. dxe6 Kh7 29. Ra6
Ng4 30. h3 Bd4+ 31. Kh1 Nf2+ 32. Kh2 Qh4 33. Ra7+ Kh8 34. Be1 Ng4+ 35. Kh1 Bf2 36.
Bxf2 Nxf2+ 37. Kh2 Ng4+ 38. Kh1 Nf2+ 39. Kh2 Ng4+ 40. Kh1 Nf2+ 41. Kg1 Nxh3+ 42.
gxh3 Qg3+ 43. Kf1 Qf3+ 44. Ke1 Qh1+ 1/2-1/2

[Event "2024 British Rapidplay Championship"]
[Site "Holiday Inn Peterborough - West"]
[Date "2024.03.02"]
[Round "2.23"]
[White "Vashisht-Pigem, Raman"]
[Black "Shearsby, Jude"]
[Result "1/2-1/2"]
[WhiteFideId "469734"]
[BlackFideId "462527"]
[WhiteElo "1990"]
[BlackElo "2028"]
[EventDate "2024.03.02"]

1. e4 Nc6 2. Nf3 d6 3. d4 Nf6 4. Nc3 g6 5. Be2 Bg7 6. O-O O-O 7. h3 e5 8. dxe5 Nxe5
9. Nxe5 dxe5 10. Be3 Be6 11. Qxd8 Rfxd8 12. Rfd1 c6 13. a4 Nd7 14. Rd2 f5 15. Rad1
Bf6 16. exf5 gxf5 17. f4 exf4 18. Bxf4 Nb6 19. Be3 Rxd2 20. Bxd2 Bxc3 21. Bxc3 Nxa4
22. Rd6 Nxc3 23. Rxe6 Nxe2+ 24. Rxe2 Kf7 25. Rf2 Ke6 26. Re2+ Kf6 27. Rd2 Re8 28.
Kf2 a5 29. Kf3 Re7 30. g4 fxg4+ 31. hxg4 Kg5 32. Rh2 Rf7+ 33. Kg3 b5 34. Rh5+ Kg6
35. Rc5 Rf6 36. c4 bxc4 37. Rxa5 Rd6 1/2-1/2